[Event "?"]
[Site "Sud Est Asiatique eme champ"]
[Date "2003.??.??"]
[Round "?"]
[White "Hamdani, Rudin"]
[Black "Zaw Win Lay"]
[Result "1/2-1/2"]
[WhiteElo "2360"]
[BlackElo "2495"]

1. e4 c5 2. Nf3 e6 3. d4 cxd4 4. Nxd4 Qb6 5. Nc3 Bc5 6. Na4 Qa5+ 7. c3 Bxd4
8. Qxd4 Nf6 9. Nc5 Nc6 10. Qd6 b6 11. Nb3 Nxe4 12. Qxc6 dxc6 13. Nxa5 bxa5
14. Be3 O-O 15. O-O-O e5 16. Bc4 Bf5 17. f3 Nf6 18. Rd6 Rfc8 19. Rhd1 Ne8
20. R6d2 Nc7 21. Rd6 Nb5 22. Bxb5 cxb5 23. R1d5 a6 24. Bb6 Be6 25. Rxe5 a4
26. a3 h6 27. Kd2 Bc4 28. Re7 Re8 29. Rdd7 Rxe7 30. Rxe7 Rc8 31. Bc7 Kf8
32. Bd6 1/2-1/2

[Event "?"]
[Site "TCh-HUN"]
[Date "2005.??.??"]
[Round "5"]
[White "Nemeth, Mi1"]
[Black "Fogarasi, Tibor"]
[Result "1-0"]
[WhiteElo "2375"]
[BlackElo "2480"]

1. e4 c5 2. Nf3 e6 3. d4 cxd4 4. Nxd4 a6 5. Bd3 Bc5 6. Nb3 Be7 7. c4 d6 8.
Nc3 Nf6 9. O-O b6 10. Be3 Bb7 11. f4 Nbd7 12. Qf3 g6 13. Qh3 h5 14. Rad1
Qc7 15. Nd4 Nc5 16. e5 dxe5 17. fxe5 Qxe5 18. Bxg6 Ncd7 19. Nd5 exd5 20.
Bf4 Qxd4+ 21. Rxd4 Bc5 22. Be3 fxg6 23. Rxf6 Nxf6 24. Qe6+ Be7 25. Bg5 Rf8
26. cxd5 Rd8 27. d6 Rd7 28. dxe7 Rxe7 29. Rd8+ Kxd8 30. Bxf6 Rxf6 31. Qxf6
b5 32. Qxg6 h4 33. Qf6 h3 34. Qh8+ Kc7 35. Qxh3 Re2 36. Kf1 Re4 37. Qg3+
Kb6 38. h4 Bd5 39. Qd6+ Bc6 40. h5 Rc4 41. h6 Rc1+ 42. Kf2 Rh1 43. Qd8+ 1-0

[Event "?"]
[Site "It B, Montreal CAN"]
[Date "2004.??.??"]
[Round "5"]
[White "Barbeau, Sylvain"]
[Black "Krush, Irina"]
[Result "0-1"]
[WhiteElo "2400"]
[BlackElo "2455"]

1. e4 c5 2. Nf3 e6 3. d4 cxd4 4. Nxd4 a6 5. Bd3 Bc5 6. Nb3 Be7 7. f4 d6 8.
Qf3 Nf6 9. Nc3 Qc7 10. g4 b5 11. g5 Nfd7 12. Be3 Bb7 13. O-O-O Nc5 14. Kb1
Nbd7 15. Rhe1 O-O 16. Bd4 b4 17. Ne2 a5 18. Ng3 a4 19. Nc1 b3 20. a3 Nxd3
21. cxd3 Rfc8 22. Bc3 d5 23. Nce2 Nb6 24. f5 dxe4 25. Nxe4 Nd5 26. Rc1 exf5
27. Qxf5 Nxc3+ 28. N2xc3 Qd8 29. Rf1 Bxe4 30. Qxf7+ Kh8 31. dxe4 Qd3+ 32.
Ka1 Bxa3 33. Qd5 Bxb2+ 34. Kxb2 a3+ 35. Kxb3 Rxc3+ 36. Rxc3 Rb8+ 37. Ka4
Qxc3 38. Rb1 Qc2+ 39. Rb3 a2 0-1

[Event "?"]
[Site "15th Open A, Vienna AUT"]
[Date "2006.??.??"]
[Round "7"]
[White "Groetz, Harald"]
[Black "Tratar, Marko"]
[Result "1/2-1/2"]
[WhiteElo "2355"]
[BlackElo "2500"]

1. e4 c5 2. Nf3 e6 3. d4 cxd4 4. Nxd4 a6 5. Bd3 Bc5 6. Nb3 Be7 7. O-O d6 8.
c4 Nf6 9. Nc3 Nbd7 10. Be3 Qc7 11. f4 b6 12. Qf3 Bb7 13. Qh3 h5 14. Rad1
1/2-1/2

[Event "?"]
[Site "FSGM September, Budapest HUN"]
[Date "2006.??.??"]
[Round "1"]
[White "Womacka, Mathias"]
[Black "Fogarasi, Tibor"]
[Result "1/2-1/2"]
[WhiteElo "2420"]
[BlackElo "2435"]

1. e4 c5 2. Nf3 e6 3. d4 cxd4 4. Nxd4 a6 5. Bd3 Bc5 6. Nb3 Be7 7. Qg4 g6 8.
Qe2 d6 9. O-O Nd7 10. a4 b6 11. Na3 Ne5 12. f4 Nxd3 13. cxd3 Nf6 14. Be3
O-O 15. Nc4 Rb8 16. a5 b5 17. Nb6 Bb7 18. Rac1 Nd7 19. f5 exf5 20. exf5 Ne5
21. Bh6 Re8 22. d4 Bf8 23. Qd2 Bxh6 24. Qxh6 Ng4 25. Qd2 Ne3 26. fxg6 hxg6
27. Rf2 Nc4 28. Qf4 Qe7 29. Nxc4 bxc4 30. Nd2 Bd5 31. Nxc4 Bxc4 32. Rxc4
Rb5 33. Qd2 Qe1+ 34. Qxe1 Rxe1+ 35. Rf1 Re2 36. Rf2 Rxf2 37. Kxf2 Rxb2+ 38.
Kf3 Ra2 39. Rc6 1/2-1/2

[Event "?"]
[Site "Open Zagreb CRO"]
[Date "1996.??.??"]
[Round "?"]
[White "Rogulj, Branko"]
[Black "Sale, Srdjan"]
[Result "0-1"]
[WhiteElo "2415"]
[BlackElo "2440"]

1. e4 c5 2. Nf3 e6 3. d4 cxd4 4. Nxd4 Bc5 5. Nc3 Qb6 6. Be3 Nc6 7. Ncb5 Nf6
8. Nxc6 Bxe3 9. Nd6+ Kf8 10. fxe3 Qxe3+ 11. Be2 bxc6 12. Rf1 Ke7 13. Nc4
Qc5 14. e5 Nd5 15. Qd2 f6 16. O-O-O Ba6 17. exf6+ gxf6 18. Qh6 Rhf8 19.
Qxh7+ Rf7 20. Qh4 Bxc4 21. Bxc4 Ne3 22. Qf2 Qg5 23. h4 Nxd1+ 24. Kxd1 Qg4+
25. Be2 Qb4 26. Kc1 Rb8 27. b3 a5 28. a4 Qc3 29. Kb1 Rff8 30. Bd1 Rb4 31.
Qa7 Rfb8 32. Rf3 Qd4 33. Qxd4 Rxd4 34. Kc1 Rxh4 35. Rg3 f5 36. Rg7+ Kd6 37.
Be2 Rd4 38. g4 fxg4 39. Bxg4 Rh8 40. Be2 Rh2 41. Ba6 Kc5 42. Rg3 e5 43. Kb2
Kb6 44. Bf1 e4 0-1

[Event "?"]
[Site "Ch Haninge SWE"]
[Date "1997.??.??"]
[Round "?"]
[White "Ernst, Thomas"]
[Black "Astrom, Robert"]
[Result "1-0"]
[WhiteElo "2405"]
[BlackElo "2450"]

1. e4 c5 2. Nf3 e6 3. d4 cxd4 4. Nxd4 a6 5. Bd3 Bc5 6. Nb3 Be7 7. Nc3 d6 8.
f4 Qc7 9. Qf3 Nf6 10. g4 Nc6 11. g5 Nd7 12. Be3 b5 13. O-O-O Bb7 14. Kb1
Nc5 15. h4 Nb4 16. Bd4 Nbxd3 17. cxd3 Nxb3 18. axb3 e5 19. Be3 exf4 20.
Bxf4 Qd7 21. h5 O-O 22. Rde1 f5 23. Qg3 fxe4 24. Nxe4 Bd5 25. Qe3 Rae8 26.
h6 Bxe4 27. Qxe4 Bd8 28. Qd4 Rxe1+ 29. Rxe1 gxh6 30. gxh6 Bf6 31. Qd5+ Qf7
32. Re6 a5 33. Bxd6 Rd8 34. Qf5 Bxb2 35. Qg5+ 1-0

[Event "?"]
[Site "WICC qual sf"]
[Date "2001.??.??"]
[Round "?"]
[White "Barash, Dmiry F"]
[Black "Epishin, Vladimir V"]
[Result "1-0"]
[WhiteElo "2270"]
[BlackElo "2580"]

1. e4 c5 2. Nf3 e6 3. d4 cxd4 4. Nxd4 a6 5. Bd3 Bc5 6. Nb3 Be7 7. O-O d6 8.
c4 Nf6 9. Nc3 O-O 10. Be3 Nc6 11. Nd4 Bd7 12. Rc1 Rc8 13. b3 Re8 14. Kh1
Bf8 15. Nxc6 Bxc6 16. Bb1 b5 17. cxb5 axb5 18. f3 b4 19. Na4 Bb5 20. Rxc8
Qxc8 21. Bd3 Qa6 22. Nb2 d5 23. e5 Nd7 24. Bxb5 Qxb5 25. Nd3 Rc8 26. Bd4
Nc5 27. Nc1 g6 28. Rf2 Rc6 29. Rc2 Nd7 30. Rxc6 Qxc6 31. Nd3 Nb8 32. Qd2
Qb5 33. Bf2 Nc6 34. f4 Be7 35. Kg1 Bd8 36. Nc5 Be7 37. Nd3 Kf8 38. Kf1 g5
39. g3 g4 40. Qe2 h5 41. Nc1 Qxe2+ 42. Kxe2 Kg7 43. Kd3 f6 44. exf6+ Bxf6
45. Ne2 Kg6 46. Bc5 Kf5 47. a3 bxa3 48. Bxa3 e5 49. fxe5 Nxe5+ 50. Kc2 Nf3
51. Nf4 Ke4 52. Nxh5 Be5 53. Be7 d4 54. Bf6 Bd6 55. Bg7 d3+ 56. Kd1 Nxh2
57. Nf6+ Ke3 58. Nd5+ Kf3 59. Kd2 Bxg3 60. Kxd3 Bd6 61. b4 g3 62. b5 Ng4
63. Bd4 g2 64. Nc3 Be5 65. Bg1 Bh2 66. Bxh2 Nxh2 67. Ne2 Ng4 68. Kd2 Ne5
69. Ng1+ Kf2 70. Ne2 Nc4+ 71. Kd3 Ne5+ 72. Kd2 Nc4+ 73. Kd3 Ke1 74. Ng1
Ne5+ 75. Ke3 Kf1 76. Ne2 Nc4+ 77. Kf3 Nd2+ 78. Kg3 Ne4+ 79. Kf3 Nd2+ 80.
Kg3 Nc4 81. Kf3 g1=Q 82. Nxg1 Kxg1 83. Ke2 Nb6 84. Kd3 Kf2 85. Kd4 Kf3 86.
Kc5 Nc8 87. Kd5 Ke3 88. Kc5 Ke4 89. b6 1-0

[Event "?"]
[Site "SWE Ch Linkoping SWE"]
[Date "1996.??.??"]
[Round "?"]
[White "Moberg, Karl Johan"]
[Black "Sjoberg, Mats"]
[Result "0-1"]
[WhiteElo "2405"]
[BlackElo "2445"]

1. e4 c5 2. Nf3 e6 3. d4 cxd4 4. Nxd4 a6 5. Bd3 Bc5 6. Nb3 Be7 7. Nc3 d6 8.
f4 Nc6 9. Qf3 Nf6 10. Be3 Qc7 11. O-O O-O 12. g4 b5 13. g5 Nd7 14. f5 Nde5
15. Qh3 Re8 16. f6 Bf8 17. fxg7 Bxg7 18. Rf2 Ne7 19. Raf1 N7g6 20. Ne2 Bb7
21. Ng3 d5 22. exd5 Bxd5 23. Nh5 Nxd3 24. cxd3 e5 25. Nf6+ Bxf6 26. gxf6
Kh8 27. Rf5 Nf8 28. Rg5 Ne6 29. Rg3 Rg8 30. Rf5 Rxg3+ 31. hxg3 Qc2 32. Bh6
Rg8 33. Bg7+ Nxg7 34. fxg7+ Rxg7 35. Rf2 Qd1+ 36. Rf1 Qxd3 37. Kf2 Qf3+ 38.
Ke1 Qe3+ 39. Kd1 Bf3+ 40. Rxf3 Qxf3+ 41. Kd2 Qf2+ 42. Kd3 0-1

[Event "?"]
[Site "Casablanca MAR"]
[Date "1997.??.??"]
[Round "?"]
[White "Sieiro-Gonzalez, Luis"]
[Black "Bellon Lopez, Juan Manuel"]
[Result "1-0"]
[WhiteElo "2385"]
[BlackElo "2465"]

1. e4 c5 2. Nf3 e6 3. d4 cxd4 4. Nxd4 a6 5. Bd3 Bc5 6. Nb3 Be7 7. Nc3 Nc6
8. f4 d6 9. Qf3 Qc7 10. Be3 Nf6 11. g4 b5 12. g5 Nd7 13. O-O-O Nc5 14. Kb1
Bb7 15. h4 Nb4 16. f5 Nxb3 17. axb3 exf5 18. Qxf5 O-O 19. h5 Rac8 20. g6
Nxd3 21. gxh7+ Kh8 22. Rxd3 Bf6 23. h6 Qe7 24. hxg7+ Bxg7 25. Rg1 Rxc3 26.
Rxc3 Bxe4 27. Qg4 Bg6 28. Bd4 Be5 29. Rc8 Kxh7 30. Rh1+ Kg7 31. Be3 Kg8 32.
Bh6 Re8 33. Qh4 Qd7 34. Rxe8+ Qxe8 35. Bd2 Kg7 36. Bc3 f6 37. Qh6+ Kf7 38.
Rg1 Qg8 39. Qh1 Qh7 40. Qb7+ Ke6 41. Qc8+ Kf7 42. Bxe5 fxe5 43. Qd7+ 1-0

[Event "XIX Carlos Torre Memorial"]
[Site "Merida MEX"]
[Date "2006.12.15"]
[Round "2"]
[White "Garcia Martinez, Silvino"]
[Black "Arencibia, Walter"]
[Result "0-1"]
[WhiteElo "2316"]
[BlackElo "2530"]

1. e4 c5 2. Nf3 e6 3. d4 cxd4 4. Nxd4 a6 5. Bd3 Bc5 6. Nb3 Be7 7. O-O d6 8.
f4 Nd7 9. c4 Ngf6 10. Nc3 b6 11. Qe2 Bb7 12. Bd2 O-O 13. Kh1 Rc8 14. Rae1
Re8 15. Bb1 g6 16. e5 Nh5 17. Bc1 Qc7 18. exd6 Bxd6 19. Be4 Ndf6 20. Bxb7
Qxb7 21. Be3 Qc7 22. Bxb6 Qxb6 23. c5 Bxc5 24. Na4 Qb4 25. Naxc5 Rxc5 26.
Nxc5 Qxc5 27. Qxa6 Ng4 28. g3 Qd5+ 29. Kg1 Qd4+ 30. Kh1 Nf2+ 31. Kg2 Nd3
32. Rb1 Qe4+ 33. Kg1 Qe3+ 34. Kh1 Rd8 35. Qc6 Nf2+ 36. Kg2 Ng4 37. Kh3 Nxh2
38. Kxh2 Rd2+ 0-1

[Event "?"]
[Site "Donau Open Vienna AUT"]
[Date "1998.??.??"]
[Round "?"]
[White "Dueckstein, Andreas"]
[Black "Stanec, Nikolaus"]
[Result "0-1"]
[WhiteElo "2360"]
[BlackElo "2485"]

1. e4 c5 2. Nf3 e6 3. d4 cxd4 4. Nxd4 a6 5. Bd3 Bc5 6. Nb3 Be7 7. O-O d6 8.
Be3 Nf6 9. f4 Nbd7 10. c4 O-O 11. Nc3 b6 12. Qf3 Bb7 13. Qh3 g6 14. Rad1
Qc7 15. f5 exf5 16. exf5 Ne5 17. Bh6 Rfe8 18. Bg5 Nfg4 19. Bxe7 Qxe7 20.
Rde1 Rac8 21. Qg3 Nf6 22. Qh4 Kg7 23. Qd4 Nfd7 24. Nd2 Kg8 25. Be4 Bxe4 26.
Ndxe4 Rxc4 27. Qxd6 Qh4 28. fxg6 hxg6 29. Qd5 b5 30. g3 Qe7 31. Kg2 b4 32.
Nd1 Rd8 33. Ne3 Rcc8 34. Qb3 Nc5 35. Nxc5 Qxc5 36. Nd1 Rd3 37. Rxe5 Qc6+
0-1

[Event "?"]
[Site "London ENG"]
[Date "1975.??.??"]
[Round "?"]
[White "Horner, Jeff"]
[Black "Basman, Michael J"]
[Result "1-0"]
[WhiteElo "2450"]
[BlackElo "2395"]

1. e4 e6 2. c4 c5 3. Nf3 Nc6 4. d4 cxd4 5. Nxd4 Bc5 6. Nb3 Be7 7. Nc3 Nf6
8. Be2 O-O 9. O-O b6 10. Be3 Bb7 11. c5 bxc5 12. Nxc5 Bc8 13. Qa4 Rb8 14.
Nd3 a5 15. Rfd1 Ba6 16. Rab1 Qc7 17. h3 Rfc8 18. a3 d6 19. Rdc1 Nd7 20. Qd1
Qd8 21. Na4 Bf6 22. Nf4 Bxe2 23. Nxe2 Be7 24. Nd4 Nce5 25. b3 Nc5 26. f4
Ned3 27. Rc4 Nxf4 28. Bxf4 e5 29. Nxc5 Rxc5 30. Rxc5 dxc5 31. Nc6 Qxd1+ 32.
Rxd1 exf4 1-0

[Event "?"]
[Site "Cetinje"]
[Date "1996.??.??"]
[Round "?"]
[White "Tosic, Miroslav"]
[Black "Milovanovic, Rade"]
[Result "1-0"]
[WhiteElo "2415"]
[BlackElo "2430"]

1. e4 c5 2. Nf3 e6 3. d4 cxd4 4. Nxd4 Qb6 5. Nc3 Bc5 6. Be3 Nc6 7. Ndb5
Bxe3 8. fxe3 a6 9. Nd6+ Ke7 10. Qd2 Nf6 11. O-O-O Qc7 12. Qf2 Ne5 13. Qg3
Ng6 14. e5 Ne8 15. Be2 Qa5 16. Nc4 Qc7 17. Nd6 Qa5 18. Qg5+ Kf8 19. Nc4 Qc7
20. Rhf1 Qc5 21. Na4 Qc7 22. Ncb6 Rb8 23. Qg3 Qd8 24. Nxd7+ Bxd7 25. Nc5
Qc7 26. Nxd7+ Kg8 27. Qf2 f5 28. Nxb8 Qxb8 29. Bc4 Qxe5 30. Qxf5 Qxf5 31.
Rxf5 h6 32. Bxe6+ Kh7 33. Rf7 b5 34. Bf5 Nf6 35. Rxf6 1-0

[Event "?"]
[Site "3rd Open, La Fere FRA"]
[Date "2004.??.??"]
[Round "3"]
[White "Radulski, Julian"]
[Black "Ciuksyte, Dagne"]
[Result "0-1"]
[WhiteElo "2510"]
[BlackElo "2335"]

1. e4 c5 2. Nf3 e6 3. d4 cxd4 4. Nxd4 a6 5. Bd3 Bc5 6. Nb3 Be7 7. c4 d6 8.
O-O Nf6 9. f4 Nbd7 10. Qf3 Qc7 11. Be3 b6 12. N1d2 Bb7 13. Rac1 Rc8 14. Nd4
Qb8 15. b4 Qa8 16. g4 g5 17. h3 h5 18. fxg5 hxg4 19. Qe2 Nxe4 20. Rxf7 Ne5
21. Bxe4 Bxe4 22. g6 Bxg6 23. Rxe7+ Kxe7 24. c5 Qd5 25. Qxa6 dxc5 26. bxc5
Rxc5 27. Bg5+ Ke8 28. Qa4+ Nd7 29. Rxc5 bxc5 30. Nxe6 Qxe6 31. Qa8+ Kf7 32.
Qxh8 gxh3 33. Qh4 Ne5 34. Qf4+ Kg7 35. a4 c4 36. Qd4 Kh7 37. Qf4 Ng4 38.
Nf3 Qb6+ 39. Kh1 Qb1+ 40. Qc1 Qe4 41. Qf1 Bh5 42. Kg1 h2+ 43. Nxh2 Qd4+ 44.
Kg2 Qb2+ 0-1

[Event "?"]
[Site "Open Tula RUS"]
[Date "2000.??.??"]
[Round "?"]
[White "Nikolenko, Oleg"]
[Black "Arzumanian, Georgy"]
[Result "1/2-1/2"]
[WhiteElo "2520"]
[BlackElo "2325"]

1. e4 c5 2. Nf3 e6 3. d4 cxd4 4. Nxd4 Qb6 5. Nc3 Bc5 6. Na4 Qa5+ 7. c3 Bxd4
8. Qxd4 Nf6 9. Nc5 Nc6 10. Qd6 b6 11. Nb3 Nxe4 12. Qxc6 dxc6 13. Nxa5 bxa5
14. Be3 e5 15. O-O-O Be6 16. Ba6 Rb8 17. Rhe1 Nf6 18. Rd6 Bd5 19. c4 Ne4
20. cxd5 Nxd6 21. dxc6 Ke7 22. Bxa7 Ke6 23. Bxb8 Rxb8 24. c7 Ra8 25. Rd1
Rxa6 26. Rxd6+ Kxd6 27. c8=Q Rc6+ 28. Qxc6+ Kxc6 29. Kc2 Kc5 30. Kc3 Kb5
31. g4 f6 32. a3 g6 33. b4 axb4+ 34. axb4 h5 35. gxh5 gxh5 36. h4 f5 37.
Kb3 e4 38. Kc3 f4 39. Kd4 e3 40. fxe3 fxe3 41. Kxe3 Kxb4 1/2-1/2

[Event "?"]
[Site "Team Ch Tucepi"]
[Date "1996.??.??"]
[Round "?"]
[White "Kutuzovic, Branko"]
[Black "Sale, Srdjan"]
[Result "1-0"]
[WhiteElo "2405"]
[BlackElo "2440"]

1. e4 e6 2. d4 c5 3. Nf3 cxd4 4. Nxd4 Bc5 5. Nb5 Qb6 6. Qf3 a6 7. N5c3 Nc6
8. Bd3 Nf6 9. O-O Qc7 10. Bf4 d6 11. Nd2 Ne5 12. Qe2 b5 13. a4 b4 14. Nd1
Bb7 15. Ne3 O-O 16. Nec4 Nfd7 17. Nb3 Nxc4 18. Bxc4 Ba7 19. Kh1 Ne5 20. Bd3
Rfc8 21. Bxe5 dxe5 22. a5 Qc6 23. f3 Rd8 24. Rfd1 Bd4 25. Ra2 g6 26. Qe1
Bc5 27. Raa1 Kg7 28. Nd2 Qc7 29. Nb3 Be7 30. Qe2 f5 31. Re1 Kf6 32. f4 Bd6
33. Nd2 exf4 34. Nf3 Bc5 35. exf5 exf5 36. Qe6+ Kg7 37. Ng5 Re8 38. Qc4 Qc6
39. Bf1 Be3 40. Qf7+ Kh6 41. h4 Rh8 42. Rxe3 fxe3 43. Ne6 Qe4 44. Qg7+ Kh5
45. Be2+ Kxh4 46. Qh6+ Kg3 47. Qh2+ Kf2 48. Qg1+ Kxe2 49. Qe1# 1-0

[Event "?"]
[Site "DEN Ch Nyborg"]
[Date "2001.??.??"]
[Round "?"]
[White "Pilgaard, Kim"]
[Black "Mortensen, Erling"]
[Result "0-1"]
[WhiteElo "2410"]
[BlackElo "2435"]

1. e4 c5 2. Nf3 e6 3. d4 cxd4 4. Nxd4 a6 5. Bd3 Bc5 6. Nb3 Be7 7. O-O d6 8.
f4 Nd7 9. Qe2 Qc7 10. c4 Ngf6 11. Nc3 b6 12. Be3 Bb7 13. Rac1 O-O 14. Nd2
Rac8 15. Kh1 Qb8 16. Bg1 Qa8 17. Rce1 Nc5 18. Bb1 b5 19. e5 Ne8 20. Nf3
bxc4 21. Qxc4 a5 22. Qd4 Ba6 23. Rf2 Rd8 24. Qe3 dxe5 25. Nxe5 Nf6 26. Qh3
g6 27. Qh6 Bd3 28. Rd2 Bxb1 29. Nxb1 Nce4 30. Rde2 Bb4 31. Rc1 Rc8 32. Rec2
Rxc2 33. Rxc2 Rc8 34. Nc4 Rd8 35. Nc3 Bxc3 36. bxc3 Rd1 37. Qh3 Qa7 38. Qe3
Qb7 39. h3 Qb1 40. Rb2 Ng3+ 41. Kh2 Nf1+ 42. Kh1 Nxe3 43. Rxb1 Rxb1 44.
Nxe3 Nd5 0-1

[Event "?"]
[Site "Ambassador Open"]
[Date "1998.??.??"]
[Round "?"]
[White "Arnold, Lothar"]
[Black "Gofshtein, Zeev-Alon"]
[Result "0-1"]
[WhiteElo "2340"]
[BlackElo "2500"]

1. e4 c5 2. Nf3 e6 3. d4 cxd4 4. Nxd4 a6 5. Bd3 Bc5 6. Nb3 Be7 7. c4 Nc6 8.
Nc3 d6 9. Be3 Nf6 10. f4 b6 11. Qf3 Bb7 12. O-O Nb4 13. Bb1 Nd7 14. a3 Nc6
15. Bc2 O-O 16. Qh3 Re8 17. Rad1 g6 18. e5 dxe5 19. f5 exf5 20. Bxf5 gxf5
21. Qxf5 Ncb8 22. Qg4+ Kh8 23. Rxf7 Rg8 24. Rxh7+ Kxh7 25. Qh5+ Kg7 26.
Qh6+ Kf7 27. Qh5+ Rg6 28. Rf1+ Bf6 0-1

[Event "?"]
[Site "Herne"]
[Date "2003.??.??"]
[Round "?"]
[White "Koscielski, Janusch"]
[Black "Rotstein, Arkadij"]
[Result "1-0"]
[WhiteElo "2310"]
[BlackElo "2530"]

1. e4 c5 2. Nf3 e6 3. d4 cxd4 4. Nxd4 a6 5. Bd3 Bc5 6. Nb3 Be7 7. O-O d6 8.
Nc3 Nf6 9. f4 Qc7 10. Qf3 Nc6 11. Kh1 O-O 12. Bd2 b5 13. Rae1 Bb7 14. Qh3
e5 15. Nd5 Qc8 16. Qg3 Bd8 17. fxe5 Nxd5 18. exd5 Nxe5 19. Bf5 Qc4 20. Rf4
Qc7 21. Be4 g6 22. Ref1 Qe7 23. h4 h5 24. Nd4 Kh7 25. Ne6 Bb6 26. Nxf8+
Rxf8 27. Rf6 Bd8 28. Qg5 Kg8 29. Bc3 Kg7 30. Rxg6+ fxg6 31. Qxg6+ Kh8 32.
Rxf8+ Qxf8 33. Qh7# 1-0

[Event "?"]
[Site "TCh-ISL 2004-5 ;The Week in Ch"]
[Date "2004.??.??"]
[Round "3"]
[White "Vidarsson, Jon G"]
[Black "Votava, Jan"]
[Result "0-1"]
[WhiteElo "2335"]
[BlackElo "2505"]

1. e4 c5 2. Nf3 e6 3. d4 cxd4 4. Nxd4 a6 5. Bd3 Bc5 6. Nb3 Be7 7. O-O d6 8.
Nc3 Nf6 9. Qe2 Nbd7 10. f4 Qc7 11. Bd2 O-O 12. g4 g6 13. g5 Nh5 14. Qg2 b5
15. Ne2 Nc5 16. Ng3 Nxg3 17. Qxg3 Bb7 18. Rae1 d5 19. e5 Nxd3 20. cxd3 d4
21. Rc1 Qd7 22. Na5 Bd5 23. Qf2 Rfd8 24. a3 Qe8 25. Bb4 Rac8 26. Qd2 Ba8
27. Rxc8 Rxc8 28. Rc1 Bxb4 29. axb4 Qd7 30. Rxc8+ Qxc8 31. Kf2 Qd8 32. Qe2
Kg7 33. Kg3 Qf8 34. Qd2 Bd5 35. Qe1 h6 36. h4 Qb8 37. Qf2 hxg5 38. hxg5 Qh8
39. Qh2 Qh5 40. Qxh5 gxh5 41. Kh4 Kg6 0-1

[Event "?"]
[Site "Open Bad Zwesten GER"]
[Date "1999.??.??"]
[Round "?"]
[White "Langheinrich, Ferenc"]
[Black "Glek, Igor V"]
[Result "1-0"]
[WhiteElo "2275"]
[BlackElo "2565"]

1. e4 c5 2. Nf3 e6 3. d4 cxd4 4. Nxd4 a6 5. Bd3 Bc5 6. Nb3 Be7 7. O-O d6 8.
c4 Nd7 9. Nc3 b6 10. Qe2 Bb7 11. f4 Qc7 12. Bd2 Ngf6 13. Rae1 g6 14. e5
dxe5 15. fxe5 Nh5 16. Nd5 exd5 17. e6 fxe6 18. Qxe6 Ndf6 19. Bb4 Ng8 20.
Bxe7 Nxe7 21. Rf7 Kd8 22. Rxe7 Qc6 23. Qe5 1-0

[Event "?"]
[Site "III Open, Bajada de la Virgen"]
[Date "2005.??.??"]
[Round "6"]
[White "Villavicencio, Adalberto"]
[Black "Votava, Jan"]
[Result "1/2-1/2"]
[WhiteElo "2330"]
[BlackElo "2510"]

1. e4 c5 2. Nf3 e6 3. d4 cxd4 4. Nxd4 a6 5. Bd3 Bc5 6. Nb3 Be7 7. Qg4 g6 8.
Qe2 d6 9. O-O Nd7 10. Na3 Ne5 11. Nc4 Nxd3 12. Qxd3 Nf6 13. Bh6 Ng4 14. Bg7
Rg8 15. Bc3 b5 16. Nca5 Qc7 17. Qe2 Ne5 18. Rfd1 f6 19. Rd2 Kf7 20. Rad1
Rb8 21. a3 Nc6 22. Nxc6 Qxc6 23. Bb4 Rd8 24. Na5 Qb6 25. Rd3 e5 26. h3 Be6
27. Qd2 Rbc8 28. Kh1 g5 29. Qe2 Kg6 30. R1d2 Rd7 31. Qd1 Rcd8 32. Rc3 Rc7
33. Rcd3 1/2-1/2

[Event "?"]
[Site "Ch Haninge SWE"]
[Date "1997.??.??"]
[Round "?"]
[White "Jepson, Christian"]
[Black "Agrest, Evgenij"]
[Result "1/2-1/2"]
[WhiteElo "2380"]
[BlackElo "2460"]

1. e4 c5 2. Nf3 e6 3. d4 cxd4 4. Nxd4 a6 5. Bd3 Bc5 6. Nb3 Be7 7. Nc3 d6 8.
f4 Nd7 9. Qf3 Qc7 10. Be3 Bf6 11. Bd4 Ne7 12. Bxf6 Nxf6 13. g4 b6 14. O-O-O
Bb7 15. f5 e5 16. g5 Nd7 17. Rhe1 Bc6 18. Nd5 Nxd5 19. exd5 Bb7 20. Nd4 Nc5
21. f6 g6 22. h4 O-O-O 23. Nb3 Kb8 24. Nxc5 Qxc5 25. Be4 Qa5 26. Kb1 Rc8
27. h5 Rc4 28. Re3 Rhc8 29. b3 R4c5 30. Kb2 b5 31. a3 b4 32. a4 Qc7 33. Qe2
a5 34. Kb1 Qb6 35. hxg6 hxg6 36. Rh3 R5c7 37. Qe3 Qxe3 38. Rxe3 Rh8 39. Rh1
Rxh1+ 40. Bxh1 Bc8 41. Be4 Bg4 42. Rg3 Bh5 43. c4 bxc3 44. Kc2 Rb7 45. Rxc3
Rb4 46. Bd3 Rg4 47. Rc6 e4 48. Bb5 Rxg5 49. Rxd6 e3 50. Rd7 e2 51. Bxe2 Rg2
52. Rxf7 Rxe2+ 53. Kd3 Rf2 54. Kd4 g5 55. Rh7 Bg6 56. Rg7 Rxf6 57. Ke5 Rb6
58. d6 Be8 59. Rg8 Kc8 60. Rxe8+ Kd7 61. Re7+ Kd8 62. Rg7 Rxb3 63. Rxg5 Rb4
64. Rg8+ Kd7 65. Rg7+ Kd8 66. Ke6 1/2-1/2

[Event "?"]
[Site "Canarias Team Ch"]
[Date "2001.??.??"]
[Round "?"]
[White "Ramos Aguilar, Jose Manuel"]
[Black "Korneev, Oleg"]
[Result "0-1"]
[WhiteElo "2240"]
[BlackElo "2600"]

1. e4 c5 2. Nf3 e6 3. d4 cxd4 4. Nxd4 a6 5. Bd3 Bc5 6. Nb3 Be7 7. O-O d6 8.
c4 Nf6 9. Nc3 Nbd7 10. Qe2 b6 11. f4 Qc7 12. Kh1 Bb7 13. Bd2 g6 14. Rae1 h5
15. Nd4 h4 16. f5 gxf5 17. Nd5 Qd8 18. Nxf5 exf5 19. Rxf5 Rg8 20. Ref1 h3
21. gxh3 Nxd5 22. Bc3 Ne5 23. exd5 f6 24. Rh5 Qc7 25. Bh7 O-O-O 26. Bxg8
Rxg8 27. Rf4 b5 28. Bxe5 dxe5 29. Rg4 Rd8 30. Kg1 bxc4 31. Rxc4 Bc5+ 32.
Kf1 a5 33. Qc2 Ba6 0-1

[Event "?"]
[Site "Autumn I Alushta UKR"]
[Date "2002.??.??"]
[Round "?"]
[White "Solovjov, Sergey N"]
[Black "Livshits, Gaby"]
[Result "0-1"]
[WhiteElo "2455"]
[BlackElo "2380"]

1. e4 c5 2. Nf3 e6 3. d4 cxd4 4. Nxd4 a6 5. Bd3 Bc5 6. Nb3 Be7 7. c4 d6 8.
Nc3 Nf6 9. O-O O-O 10. Be3 b6 11. f4 Nc6 12. Rc1 Bb7 13. Qe2 Nd7 14. Rfd1
Nc5 15. Bb1 Qc7 16. Kh1 Rfd8 17. Nd4 Bf6 18. Nxc6 Bxc6 19. b4 Na4 20. Nxa4
Bxa4 21. Rf1 Qb7 22. e5 Be7 23. Qf2 dxe5 24. Bxb6 Rd7 25. f5 Bxb4 26. fxe6
fxe6 27. Qh4 g6 28. c5 Rd2 29. Rf3 Ba3 30. Rcf1 Bc6 31. Qh6 Bxf3 32. Qxd2
Bd5 33. Qg5 Bb2 34. h4 Qg7 35. Bd3 Bd4 36. Qg4 Rf8 37. Qe2 Rxf1+ 38. Qxf1
Qh6 39. Bd8 Qe3 40. Kh2 e4 41. Be2 Be5+ 42. Kh1 Bf4 43. Be7 e5 44. Qb1 Kg7
45. Bxa6 Qg3 0-1

[Event "?"]
[Site "It Open Zaragoza"]
[Date "1999.??.??"]
[Round "?"]
[White "Gomez Baillo, Jorge H"]
[Black "Vehi Bach, Victor M"]
[Result "0-1"]
[WhiteElo "2450"]
[BlackElo "2385"]

1. e4 c5 2. Nf3 e6 3. d4 cxd4 4. Nxd4 a6 5. Bd3 Bc5 6. Nb3 Be7 7. Nc3 d6 8.
Be3 Nf6 9. f3 Qc7 10. Qd2 b5 11. g4 Nc6 12. g5 Ne5 13. O-O Nfd7 14. f4 Nc4
15. Bxc4 Qxc4 16. a3 Qc7 17. Rad1 Rb8 18. Qe2 Nb6 19. Bxb6 Qxb6+ 20. Qf2
Qxf2+ 21. Rxf2 h6 22. h4 Bb7 23. Kg2 hxg5 24. hxg5 g6 25. Re2 e5 26. fxe5
dxe5 27. Na5 Rh5 28. Nd5 Rxg5+ 29. Kf3 Bxd5 30. exd5 Bd6 31. Nc6 Rc8 32.
Rh1 Kd7 33. Rh4 e4+ 34. Rhxe4 Rxd5 35. Nd4 Rh8 36. Rg2 f5 0-1

[Event "?"]
[Site "FS04 GM-A Budapest HUN"]
[Date "2002.??.??"]
[Round "?"]
[White "Rajlich, Vasik G"]
[Black "Horvath, Adam"]
[Result "0-1"]
[WhiteElo "2375"]
[BlackElo "2460"]

1. e4 c5 2. Nf3 e6 3. d4 cxd4 4. Nxd4 a6 5. Bd3 Bc5 6. Nb3 Be7 7. c4 d6 8.
O-O Nf6 9. Nc3 b6 10. Be3 Bb7 11. f4 Nbd7 12. a4 O-O 13. Kh1 Nc5 14. e5
dxe5 15. Nxc5 bxc5 16. fxe5 Nd7 17. Bf4 Bg5 18. Qh5 h6 19. Be4 Bxe4 20.
Nxe4 Bxf4 21. Rxf4 Qb8 22. Nd6 Qxb2 23. Re1 Nxe5 24. Qxe5 Qxe5 25. Rxe5
Rad8 26. Rxc5 Rxd6 27. h3 g5 28. Rf2 Kg7 29. Rb2 Rfd8 30. Rb7 Rd1+ 31. Kh2
R8d2 32. Rc6 Re1 33. Rxa6 h5 34. Raa7 Rf2 35. a5 h4 0-1

[Event "?"]
[Site "FSGM September, Budapest HUN"]
[Date "2004.??.??"]
[Round "6"]
[White "Sammalvuo, Tapani"]
[Black "Dearing, Eddie J"]
[Result "0-1"]
[WhiteElo "2445"]
[BlackElo "2390"]

1. e4 c5 2. Nf3 e6 3. d4 cxd4 4. Nxd4 a6 5. Bd3 Bc5 6. Nb3 Be7 7. Qg4 g6 8.
Qe2 d6 9. O-O Nd7 10. a4 b6 11. Nc3 Qc7 12. Kh1 Bb7 13. Bd2 Ngf6 14. Bh6
Bf8 15. Qd2 Bxh6 16. Qxh6 Ng4 17. Qh4 Ngf6 18. Qh6 Ng4 19. Qg5 Ngf6 20. f4
O-O 21. Rae1 Kg7 22. Re3 h6 23. Qh4 Qd8 24. Be2 Rc8 25. Rd1 Rxc3 26. bxc3
Nxe4 27. Qe1 f5 28. c4 Ndf6 29. Kg1 g5 30. Nd4 Re8 31. fxg5 hxg5 32. Qb4 a5
33. Qb2 Kg6 34. Nb5 Qe7 35. Qd4 Rh8 36. Nxd6 g4 37. Nxe4 Bxe4 38. Qxb6 Qh7
39. h3 Qh6 40. Rf1 Rb8 41. Qd4 Rd8 42. Qc3 Qg5 43. hxg4 f4 44. Rh3 Nxg4 45.
Bd3 Rxd3 46. cxd3 Ne3 47. g3 0-1